LIBRARY & INFORMATION CENTRE, KCAET, TAVANUR

ONLINE PUBLIC ACCESS CATALOGUE (OPAC)

Food Chemistry (Record no. 13812)

MARC details
000 -LEADER
fixed length control field 00296nam a22001337a 4500
020 ## - INTERNATIONAL STANDARD BOOK NUMBER
ISBN 9788181288189
082 ## - DEWEY DECIMAL CLASSIFICATION NUMBER
Classification number 664.002 BEL/FO
100 ## - MAIN ENTRY--AUTHOR NAME
Personal name Belitz H D
-- Grosch W
-- Schieberle P
245 ## - TITLE STATEMENT
Title Food Chemistry
250 ## - EDITION STATEMENT
Edition statement 3rd rev ed
260 ## - PUBLICATION, DISTRIBUTION, ETC. (IMPRINT)
Name of publisher Springer
Year of publication 2007
300 ## - PHYSICAL DESCRIPTION
Number of Pages 1070
942 ## - ADDED ENTRY ELEMENTS (KOHA)
Koha item type Books
Holdings
Withdrawn status Lost status Damaged status Collection code Home library Current library Shelving location Date acquired Source of acquisition Cost, normal purchase price Full call number Accession Number Koha item type
      Non-fiction KAUAET KAUAET General Stacks 26/11/2012 CosmoBooks, Calicut 1395.00 664.002 BEL/FO 23628 Books
      Non-fiction KAUAET KAUAET General Stacks 26/11/2012 CosmoBooks, Calicut 1395.00 664.002 BEL/FO 23629 Books
free website counter